Marcatori dell'Argentina in Copa América 2019 - Statistics

Statistiche generali
  • Questo quiz è stato fatto 4 volte
  • Il punteggio medio è 3 su 5
Statistiche sulle risposte
Partita Minuto Marcatore % Corretto
Argentina - Paraguay 1-1 57 Lionel Messi
100%
Qatar - Argentina 0-2 4 Lautaro Martínez
75%
Venezuela - Argentina 0-2 10 Lautaro Martínez
75%
Qatar - Argentina 0-2 82 Sergio Agüero
75%
Venezuela - Argentina 0-2 74 Giovani Lo Celso
0%
Nessun quiz corrispondente trovato
Distribuzione punteggi
Percentuale di utenti per punteggio
Percentile per numero di risposta
I tuoi punteggi nel tempo
Non hai fatto questo quiz